000 00322nam a22001337a 4500
008 180223b xxu||||| |||| 00| 0 eng d
020 _a9780880484633
041 _aeng
080 _a616.8 HAL
100 _a7
101 _aNEU
245 _aMultiple sclerosis a neuropsychiatric disorder
_cHalbreich,U
942 _2udc
_cBK
999 _c43327
_d43327